Komu prospeje zvýšenie

Do EÚ vstúpime najskôr v máji 2004, no štát už dnes upravuje spotrebnú daň z benzínov a nafty nad minimum požadované Bruselom. Cenový vývoj automobilového benzínu Špeciál 91. Čo ovplyvňuje ceny pohonných látok. Maloobchodné ceny.

Salvato in:
Dettagli Bibliografici
Autore principale: Andrejčák, Tomáš
Natura: Capitolo di libro
Lingua:slovacco
Soggetti:
Tags: Aggiungi Tag
Nessun Tag, puoi essere il primo ad aggiungerne!!

MARC

LEADER 00000naa a2200000 4500
001 r047376
005 20230920080842.7
041 0 |a slo 
044 |a SK 
245 1 0 |a Komu prospeje zvýšenie  |c Tomáš Andrejčák 
520 |a Do EÚ vstúpime najskôr v máji 2004, no štát už dnes upravuje spotrebnú daň z benzínov a nafty nad minimum požadované Bruselom. Cenový vývoj automobilového benzínu Špeciál 91. Čo ovplyvňuje ceny pohonných látok. Maloobchodné ceny. 
610 2 0 |a benzín 
610 2 0 |a nafta 
610 2 0 |a dane spotrebné 
610 2 0 |a Slovensko 
610 2 0 |a 2003 
100 1 |a Andrejčák, Tomáš